Countries with nukes - Statistics

General Stats
  • This quiz has been taken 159 times
  • The average score is 8 of 9
Answer Stats
Hint Answer % Correct
... USA
99%
... Russia
97%
... UK
96%
... China
93%
... North korea
92%
... France
91%
... India
89%
... Pakistan
86%
... Israel
83%
No matching quizzes found
Score Distribution
Percent of People with Each Score
Percentile by Number Answered
Your Score History
You have not taken this quiz